00000000nas 2200000zi 4500
0019.947248
003CaOODSP
00520250303164743
006m     o  d f      
007cr |||||||||||
008250122d19211921oncar p o    f0###b0fre|d
040 |aCaOODSP|bfre|erda|cCaOODSP
043 |an-cn---
0861 |aA51-148F-PDF
1101 |aCanada. |bService des céréales, |eauteur, |eorganisme de publication.
24510|aRapport préliminaire du Céréaliste du Dominion ... / |cService des céréales.
2461 |aApport préliminaire du Céréaliste du Dominion ...
2461 |aService des céréales : |brapport préliminaire du Céréaliste du Dominion ...
264 1|aOttawa : |bMinistre de l'Agriculture
310 |aAnnuel
336 |atexte|btxt|2rdacontent/fre
337 |ainformatique|bc|2rdamedia/fre
338 |aressource en ligne|bcr|2rdacarrier/fre
3621 |aCessé avec : 1921.
500 |aPublié aussi en anglais sous le titre : Interim report of the Dominion Cerealist ... for the year ending ...
500 |aÉdition numérisée de l'imprimé [par Agriculture et Agroalimentaire Canada].
588 |aDescription d'après : Année finissant le 31 mars 1921 ; titre du page titre du fichier PDF.
588 |aDernière livraison consultée : 1921.
61015|aCanada. |bService des céréales|vPériodiques.
650 6|aCéréales|xRecherche|zCanada|vPériodiques.
655 7|aPériodiques|2rvmgf
7102 |aFermes et stations expérimentales fédérales (Canada), |eorganisme de publication.
77508|tInterim report of the Dominion Cerealist ... for the year ending ... / |w(CaOODSP)9.947060
78500|tRapport du Céréaliste du Dominion ... / |w(CaOODSP)9.948654